| 000 | 01153nam a22002657a 4500 | ||
|---|---|---|---|
| 003 | Uzh_bibl | ||
| 008 | 260408b |||||||| |||| 00| 0 ukr d | ||
| 020 |
_a966-8670-27-2 _c130,00 |
||
| 040 | _bукр. | ||
| 041 |
_2ukr _aukr |
||
| 080 | _a502 | ||
| 090 |
_a502 _bЕ 64 |
||
| 100 | _a- | ||
| 245 |
_aЕкологічна енциклопедія _cРед. Кол.Толстоухов А.В. _hТекст |
||
| 260 |
_aКиїв _b"Центр екологічної освіти та інформації" _c2006 |
||
| 300 |
_a432 с. _bіл. _fВ опр. |
||
| 490 |
_a"Всеукраїнська екологічна ліга" _vТом 1 |
||
| 520 | _aУ томі вміщено понад 1300 статтей, 32 кольорові карти, 199 кольорових фото, 104 схеми та рисунки, 41 таблицю. | ||
| 521 | _aДля широкого кола читачів | ||
| 546 | _aукр. | ||
| 650 | _aДовідкове видання | ||
| 653 |
_aЕкологія видів _aЕкологічна рівновага _aДжерела |
||
| 655 | _aДовідкова література | ||
| 942 |
_2udc _cBK |
||
| 999 |
_c17280 _d17280 |
||